| 000 | 02084nam a2200217 4500 | ||
|---|---|---|---|
| 001 | ESSALUD | ||
| 005 | 20260701114259.0 | ||
| 007 | ta | ||
| 008 | t pe ||||| |||| 00| 0 spa d | ||
| 040 | _aBMG | ||
| 041 | _aspa | ||
| 100 |
_aCorte Suprema de Justicia de la República. Sala Civil Permanente _eAutor _953005 |
||
| 245 | _aNo puede denegarse el otorgamiento de escritura pública solo por estar ante un contrato innominado | ||
| 300 | _apáginas 23-31 | ||
| 520 | _aLa Sala de mérito ha restringido la escrituración solicitada por los demandantes al adentrarse al análisis del título jurídico, circunscribiendo el título en solo contratos nominados sin atender que el término contrato resulta bastante amplio, omitiendo la existencia de acuerdo de voluntades dentro de dicho documento, y que no se ha declarado como título inválido. Además, debe tenerse presente que el IX Pleno Casatorio Civil hace referencia al control de eficacia del negocio jurídico que se pretende formalizar en los siguientes términos: "( ... ) IV.5. El proceso de calificación del negocio jurídico. 21. El negocio jurídico ha de ser portador de intereses dignos de protección Y las reglas que las partes se han impuesto a sí mismas como mecanismos para alcanzar la satisfacción de aquellos intereses, han de guardar conformidad con las normas del ordenamiento jurídico. Es así que se habla de un proceso de calificación del negocio jurídico que permitirá concluir, no solo si este se ha celebrado con arreglo a derecho, sino, además, si ha producido sus efectos y si estos conservan vigor o si por alguna circunstancia no resultan exigibles o han venido a menos. Esta calificación se realiza en tres niveles: relevancia/irrelevancia, validez/invalidez y eficacia/ineficacia". | ||
| 650 |
_aESCRITURAS PUBLICAS _953047 |
||
| 650 |
_aCONTRATOS _9337 |
||
| 650 |
_aENRIQUECIMIENTO INDEBIDO _953043 |
||
| 773 | 0 |
_022573 _922621 _dLima Grupo Praxis Formación Profesional, 2026- _oPRA002 _tPraxis Civil & Procesal Civil _wESSALUD _x3119-7671 |
|
| 942 |
_cARTICULOS _e2026-07-01 _zsqb |
||
| 999 |
_c22593 _d22593 |
||